World Cup Tournament Logos - Statistics

General Stats
  • This quiz has been taken 57 times
    38 since last reset
  • The average score is 17 of 23
Answer Stats
Picture Answer % Correct
USA 1994
92%
Argentina 1978
88%
England 1966
88%
Germany 2006
88%
Spain 1982
88%
Brazil 2014
84%
Chile 1962
84%
Qatar 2022
84%
Russia 2018
84%
Switzerland 1954
84%
Canada Mexico USA 2026
80%
Brazil 1950
76%
Italy 1990
76%
South Africa 2010
76%
France 1998
68%
Italy 1934
68%
Mexico 1986
68%
Korea Japan 2002
64%
Sweden 1958
60%
Uruguay 1930
52%
West Germany 1974
48%
France 1938
44%
Mexico 1970
44%
No matching quizzes found
Score Distribution
Percent of People with Each Score
Percentile by Number Answered
Your Score History
You have not taken this quiz since the last reset